[Event "IV Festival A"]
[Site "Giugliano in Campania ITA"]
[Date "2009.09.20"]
[Round "5"]
[White "Paduano, Gennaro"]
[Black "Elce, Valerio"]
[Result "0-1"]
[WhiteElo "1593"]
[BlackElo "1569"]
[PlyCount "64"]
[EventDate "2009.09.18"]

1. Nf3 Nf6 2. b4 e6 3. a3 c5 4. bxc5 Bxc5 5. e3 d5 6. Bb2 Nbd7 7. d4 Be7 8. Bd3
b6 9. Nbd2 O-O 10. O-O Nb8 11. c4 Bb7 12. Rc1 Nbd7 13. Bb1 Rc8 14. Ne5 dxc4 15.
Rxc4 Rxc4 16. Ndxc4 b5 17. Nd2 Qa5 18. Qe2 g6 19. Qd3 Rc8 20. Rc1 Rxc1+ 21.
Bxc1 Qc7 22. Bb2 a6 23. f3 Bd6 24. f4 Nb6 25. Qc2 Qxc2 26. Bxc2 a5 27. Nb3 a4
28. Nc5 Bd5 29. Kf2 Nc4 30. Bc1 Nxe5 31. dxe5 Ng4+ 32. Kg3 Nh6 0-1

[Event "IV Festival A"]
[Site "Giugliano in Campania ITA"]
[Date "2009.09.20"]
[Round "5"]
[White "Seletsky, Grigory"]
[Black "Basso, Lorenzo"]
[Result "1-0"]
[WhiteElo "2319"]
[BlackElo "1826"]
[PlyCount "76"]
[EventDate "2009.09.18"]

1. e4 g6 2. d4 Bg7 3. Nf3 c6 4. Nc3 d5 5. h3 Nh6 6. Bf4 f6 7. exd5 cxd5 8. Nb5
O-O 9. Nc7 e5 10. Bxh6 Qxc7 11. Bxg7 Kxg7 12. dxe5 fxe5 13. Qxd5 Nc6 14. Bd3
Bf5 15. Bxf5 Rxf5 16. O-O Rd8 17. Qc4 Qb6 18. c3 Rf4 19. Qe2 e4 20. Ng5 Re8 21.
Kh1 h6 22. g3 Rf5 23. Nxe4 Ne5 24. f3 Nf7 25. Rae1 Ng5 26. h4 Nxe4 27. fxe4
Rxf1+ 28. Rxf1 Qe6 29. Re1 Qxa2 30. Qb5 Qe6 31. Qxb7+ Re7 32. Qb8 g5 33. hxg5
hxg5 34. Kg2 Kg6 35. Qb5 Rh7 36. Qf5+ Qxf5 37. exf5+ Kxf5 38. b4 Rd7 1-0

[Event "IV Festival A"]
[Site "Giugliano in Campania ITA"]
[Date "2009.09.20"]
[Round "5"]
[White "Sellitti, Federico"]
[Black "Pennacchio, Mario"]
[Result "1-0"]
[WhiteElo "2148"]
[BlackElo "1521"]
[PlyCount "45"]
[EventDate "2009.09.18"]

1. e4 c5 2. f4 d6 3. Nf3 a6 4. Be2 Nc6 5. O-O Bg4 6. d3 Bxf3 7. Bxf3 Nd4 8. c3
Nxf3+ 9. Qxf3 e6 10. Be3 Rb8 11. Nd2 d5 12. f5 dxe4 13. Nxe4 exf5 14. Qxf5 Qd7
15. Qxd7+ Kxd7 16. Rxf7+ Kc6 17. Raf1 Nh6 18. Bxh6 gxh6 19. c4 Rd8 20. R1f6+
Bd6 21. d4 Rhe8 22. Nxd6 Rxd6 23. d5+ 1-0

[Event "IV Festival A"]
[Site "Giugliano in Campania ITA"]
[Date "2009.09.20"]
[Round "6"]
[White "Basso, Lorenzo"]
[Black "Antignani, Luigi"]
[Result "1-0"]
[WhiteElo "1826"]
[BlackElo "1985"]
[PlyCount "36"]
[EventDate "2009.09.18"]

1. d4 e6 2. Nf3 d5 3. c3 f5 4. Bf4 Nf6 5. h3 Be7 6. e3 O-O 7. Nbd2 b6 8. Bd3
Ne4 9. Ne5 Bb7 10. Ndf3 Nd7 11. g4 c5 12. gxf5 exf5 13. Rg1 cxd4 14. exd4 Bf6
15. Qe2 Rc8 16. O-O-O a5 17. Bb5 Nxe5 18. dxe5 Qc7 1-0

[Event "IV Festival A"]
[Site "Giugliano in Campania ITA"]
[Date "2009.09.20"]
[Round "6"]
[White "Elce, Valerio"]
[Black "Della Corte, Alessandro"]
[Result "0-1"]
[WhiteElo "1569"]
[BlackElo "2210"]
[PlyCount "36"]
[EventDate "2009.09.18"]

1. e4 c5 2. Nf3 Nc6 3. c4 e6 4. Nc3 Nf6 5. d4 cxd4 6. Nxd4 Bb4 7. Nxc6 bxc6 8.
Bd2 Bxc3 9. Bxc3 Nxe4 10. Qg4 Nxc3 11. Qxg7 Rf8 12. Qxc3 c5 13. Bd3 Bb7 14.
Bxh7 Qh4 15. Qg7 O-O-O 16. Bd3 Rg8 17. Qe5 d6 18. Qe3 Rxg2 0-1

[Event "IV Festival A"]
[Site "Giugliano in Campania ITA"]
[Date "2009.09.19"]
[Round "6"]
[White "Sellitti, Federico"]
[Black "Seletsky, Grigory"]
[Result "0-1"]
[WhiteElo "2148"]
[BlackElo "2319"]
[PlyCount "68"]
[EventDate "2009.09.18"]

1. e4 c5 2. c3 d5 3. exd5 Qxd5 4. d4 Nc6 5. Nf3 Bg4 6. Be2 cxd4 7. cxd4 e6 8.
Nc3 Bb4 9. O-O Qa5 10. Ne4 Rd8 11. Be3 Be7 12. Qb3 Qc7 13. Rac1 Nf6 14. Ng3 Nd5
15. h3 Bxf3 16. Bxf3 O-O 17. Rfd1 Rd7 18. Ne4 Rfd8 19. Nc5 Bxc5 20. dxc5 h6 21.
Bxd5 Rxd5 22. Rxd5 exd5 23. g3 Qe7 24. Bf4 Nd4 25. Bd6 Qe4 26. Qxb7 Ne2+ 27.
Kh2 Nxc1 28. c6 Qe6 29. c7 Rc8 30. b4 Nxa2 31. b5 Nc3 32. Bf4 Qd7 33. Qxa7 Nxb5
34. Qa4 d4 0-1

[Event "IV Festival A"]
[Site "Giugliano in Campania ITA"]
[Date "2009.09.20"]
[Round "6"]
[White "Sgammato, Francesco"]
[Black "Fezza, Davide"]
[Result "0-1"]
[WhiteElo "1563"]
[BlackElo "2086"]
[PlyCount "33"]
[EventDate "2009.09.18"]

1. c4 Nf6 2. Nc3 g6 3. e4 d6 4. d4 Bg7 5. Nf3 O-O 6. Be2 e5 7. O-O Nc6 8. h3
exd4 9. Nxd4 Nxe4 10. Nxc6 Nxc3 11. Nxd8 Nxd1 12. Nxf7 Nxf2 13. Nh6+ Kh8 14.
Ng4 Bxg4 15. hxg4 Bd4 16. Rxf2 Rxf2 17. Bf3 0-1

[Event "I Torneo dei Borghi"]
[Site "Perugia ITA"]
[Date "2009.09.27"]
[Round "5"]
[White "Malfagia, Andrea"]
[Black "Caruso, Augusto"]
[Result "0-1"]
[WhiteElo "2271"]
[BlackElo "2240"]
[PlyCount "94"]
[EventDate "2009.09.25"]

1. d4 d5 2. c4 e5 3. dxe5 d4 4. Nf3 Nc6 5. g3 Nge7 6. Bg2 Ng6 7. Bg5 Qd7 8. O-O
Ngxe5 9. Nxe5 Nxe5 10. b3 h6 11. Bf4 Nc6 12. a3 a5 13. Qd3 Be7 14. Rd1 O-O 15.
Ra2 Bf6 16. Nd2 g5 17. Ne4 Bg7 18. Bc1 Qf5 19. Rad2 Qe5 20. Rb2 Qe7 21. f4 g4
22. Nf2 Qxa3 23. f5 Qc5 24. Bd5 Ne5 25. Qe4 c6 26. f6 Bxf6 27. Bxh6 cxd5 28.
Qf4 Qe7 29. Bxf8 Kxf8 30. cxd5 Ng6 31. Qc1 Bf5 32. Qh6+ Kg8 33. Qh5 Qd7 34. Qh6
Re8 35. Ra2 b6 36. Qc1 Rc8 37. Qd2 Qxd5 38. e4 Bxe4 39. Nxg4 Bg7 40. Rf1 d3 41.
Nf6+ Bxf6 42. Rxf6 Qd4+ 43. Rf2 Qc5 44. Ra1 Qc3 45. Qa2 Ne5 46. Raf1 Qd4 47.
Rd1 Ng4 0-1

[Event "Weekend A"]
[Site "Omegna ITA"]
[Date "2009.09.25"]
[Round "1"]
[White "Aranovitch, Emiliano"]
[Black "Buzio, Alberto"]
[Result "1-0"]
[WhiteElo "2378"]
[BlackElo "1913"]
[PlyCount "83"]
[EventDate "2009.09.25"]

1. e4 c5 2. Nf3 Nc6 3. Bb5 a6 4. Bxc6 dxc6 5. h3 Nf6 6. d3 Qc7 7. b3 e5 8. Bb2
Bd6 9. Nbd2 b5 10. Nh4 Qe7 11. Nf5 Bxf5 12. exf5 O-O 13. O-O Rfe8 14. Re1 Qc7
15. Qf3 Ra7 16. Re2 a5 17. a4 Nd7 18. Ne4 f6 19. g4 Be7 20. Ba3 b4 21. Bc1 Nb6
22. Bd2 Nd5 23. Kh1 Kh8 24. h4 Qd7 25. g5 Rf8 26. g6 h6 27. Qh5 Nf4 28. Bxf4
exf4 29. Rae1 Qd5 30. Kg1 Rd7 31. Qg4 Bd6 32. Nxd6 Rxd6 33. Qxf4 Qd4 34. Re4
Qd5 35. Re7 Rd7 36. R7e6 Kg8 37. R1e2 Kh8 38. Qe4 Qxe4 39. dxe4 Rc8 40. e5 fxe5
41. R2xe5 Rdd8 42. Rxc5 1-0

[Event "Weekend A"]
[Site "Omegna ITA"]
[Date "2009.09.25"]
[Round "1"]
[White "Naumkin, Igor"]
[Black "Collobiano, Alberto"]
[Result "1-0"]
[WhiteElo "2450"]
[BlackElo "1993"]
[PlyCount "71"]
[EventDate "2009.09.25"]

1. d4 d5 2. c4 c6 3. Nf3 Nf6 4. Nc3 g6 5. e3 Bg7 6. Bd3 O-O 7. O-O dxc4 8. Bxc4
Nbd7 9. Qe2 Nb6 10. Bb3 Bg4 11. h3 Bxf3 12. Qxf3 Nbd5 13. Ne2 Qa5 14. Rd1 Nb6
15. Ng3 e6 16. Bd2 Qg5 17. Rac1 Rad8 18. a4 Qh4 19. a5 Nc8 20. a6 bxa6 21. Rxc6
g5 22. Rxa6 g4 23. hxg4 Nxg4 24. Ra5 e5 25. Bb4 Nd6 26. Bxd6 Rxd6 27. Nf5 Qh2+
28. Kf1 Qh5 29. Nxd6 Nh2+ 30. Ke2 Nxf3 31. gxf3 Qg5 32. dxe5 h5 33. Nxf7 Qe7
34. Nd6+ Kh8 35. Rh1 h4 36. Ra4 1-0

[Event "Weekend A"]
[Site "Omegna ITA"]
[Date "2009.09.25"]
[Round "1"]
[White "Quagliarella, Sabino Remo"]
[Black "Okhotnik, Vladimir"]
[Result "0-1"]
[WhiteElo "1917"]
[BlackElo "2447"]
[PlyCount "76"]
[EventDate "2009.09.25"]

1. d4 g6 2. e4 Bg7 3. Nc3 c6 4. Bc4 d5 5. exd5 b5 6. Bd3 b4 7. Nce2 Qxd5 8. Nf3
Bg4 9. Nf4 Qa5 10. Be2 Nd7 11. O-O Rd8 12. h3 Bf5 13. Bd3 Nh6 14. Be3 Bxd3 15.
Nxd3 Nf5 16. Bd2 Nxd4 17. Bxb4 Qb6 18. c3 c5 19. Ba3 Nb5 20. Qb3 O-O 21. Rae1
e6 22. Nde5 Nxe5 23. Nxe5 Nxa3 24. Qxa3 Rd5 25. Nc4 Qb5 26. Qb3 a6 27. Rd1 Rb8
28. Ne3 Rdd8 29. Rxd8+ Rxd8 30. Qc2 Bh6 31. Ng4 Bg5 32. f4 Be7 33. Qe4 Bf8 34.
b3 Qd3 35. Nf6+ Kh8 36. Qe5 Bg7 37. Rf3 Qf5 38. Qxf5 exf5 0-1

[Event "Weekend A"]
[Site "Omegna ITA"]
[Date "2009.09.25"]
[Round "1"]
[White "Rovatti, Paolo"]
[Black "Fattorelli, Luciano"]
[Result "0-1"]
[WhiteElo "1903"]
[BlackElo "2030"]
[PlyCount "68"]
[EventDate "2009.09.25"]

1. c4 e5 2. g3 Nc6 3. Bg2 g6 4. Nc3 Bg7 5. Nf3 d6 6. O-O Nge7 7. d3 O-O 8. Rb1
a5 9. a3 h6 10. Qc2 Be6 11. b4 axb4 12. axb4 Qd7 13. Rd1 f5 14. e3 Rae8 15. Ne2
g5 16. d4 exd4 17. exd4 Bf7 18. b5 Nd8 19. Bb2 Bg6 20. Qb3 f4 21. Rbc1 fxg3 22.
Nxg3 Ne6 23. Bh3 Nf5 24. c5 Kh8 25. d5 Nxc5 26. Bxg7+ Qxg7 27. Qa3 Ra8 28. Qc3
Qxc3 29. Rxc3 Kg7 30. Nd4 Nxd4 31. Rxd4 Rae8 32. Ra3 Re5 33. Bg4 Rf4 34. Rxf4
gxf4 0-1

[Event "Weekend A"]
[Site "Omegna ITA"]
[Date "2009.09.26"]
[Round "2"]
[White "Buzio, Alberto"]
[Black "Quagliarella, Sabino Remo"]
[Result "0-1"]
[WhiteElo "1913"]
[BlackElo "1917"]
[PlyCount "78"]
[EventDate "2009.09.25"]

1. e4 g6 2. d4 Bg7 3. Nc3 c6 4. Be3 d5 5. e5 Nh6 6. Qd2 Nf5 7. Bf4 c5 8. Nf3
Nc6 9. Bb5 cxd4 10. Nxd4 Nfxd4 11. Qxd4 e6 12. Bxc6+ bxc6 13. Qc5 Qb6 14. Qxb6
axb6 15. O-O O-O 16. Bg3 Ba6 17. Rfe1 b5 18. f4 c5 19. Rad1 Rfc8 20. Bf2 Bf8
21. g4 Rc6 22. Ne2 b4 23. Ng3 Bb5 24. Ra1 Rca6 25. a3 Bc6 26. f5 bxa3 27. Rxa3
Rxa3 28. bxa3 Rxa3 29. Rb1 d4 30. Kf1 Ra2 31. Rc1 Bh6 32. Rb1 Rxc2 33. Rb8+ Bf8
34. Rc8 Bd5 35. Bxd4 Bc4+ 36. Ke1 cxd4 37. Kd1 d3 38. Ne4 Bb3 39. Rb8 Re2+ 0-1

[Event "Weekend A"]
[Site "Omegna ITA"]
[Date "2009.09.26"]
[Round "2"]
[White "Collobiano, Alberto"]
[Black "Rovatti, Paolo"]
[Result "1/2-1/2"]
[WhiteElo "1993"]
[BlackElo "1903"]
[PlyCount "21"]
[EventDate "2009.09.25"]

1. e4 c5 2. Nf3 d6 3. d4 Nf6 4. Nc3 cxd4 5. Nxd4 e6 6. Be3 a6 7. Be2 Be7 8. O-O
O-O 9. a3 Qc7 10. Rc1 b6 11. Bd3 1/2-1/2

[Event "Weekend A"]
[Site "Omegna ITA"]
[Date "2009.09.26"]
[Round "2"]
[White "Fattorelli, Luciano"]
[Black "Naumkin, Igor"]
[Result "0-1"]
[WhiteElo "2030"]
[BlackElo "2450"]
[PlyCount "36"]
[EventDate "2009.09.25"]

1. Nf3 e6 2. c4 f5 3. g3 Nf6 4. Bg2 Be7 5. b3 O-O 6. Bb2 d6 7. O-O e5 8. d3 Nc6
9. Nc3 Qe8 10. e3 Kh8 11. Ne2 Qh5 12. Nd2 Bd7 13. Re1 Rae8 14. a3 Nd8 15. f4
Bc6 16. Qc2 Bxg2 17. Kxg2 Ng4 18. Kf1 Qxh2 0-1

[Event "Weekend A"]
[Site "Omegna ITA"]
[Date "2009.09.26"]
[Round "2"]
[White "Okhotnik, Vladimir"]
[Black "Aranovitch, Emiliano"]
[Result "1-0"]
[WhiteElo "2447"]
[BlackElo "2378"]
[PlyCount "62"]
[EventDate "2009.09.25"]

1. e4 c5 2. Nf3 e6 3. c4 Nc6 4. Nc3 Nf6 5. Be2 d5 6. exd5 exd5 7. d4 dxc4 8. d5
Ne7 9. Bxc4 Nf5 10. Bb5+ Bd7 11. Bxd7+ Nxd7 12. O-O Be7 13. Bf4 O-O 14. d6 Bf6
15. Nd5 Nd4 16. Re1 Nb6 17. Nc7 Rc8 18. Rc1 Nd7 19. b4 b6 20. bxc5 Nxf3+ 21.
Qxf3 Nxc5 22. Nd5 Kh8 23. Re7 Nd7 24. Rce1 Rc5 25. Nc7 Ne5 26. Bxe5 Rxe5 27.
R1xe5 Bxe5 28. Rxe5 Qxd6 29. Qc3 Rc8 30. Re8+ Rxe8 31. Qxg7+ Kxg7 1-0

[Event "Weekend A"]
[Site "Omegna ITA"]
[Date "2009.09.26"]
[Round "3"]
[White "Aranovitch, Emiliano"]
[Black "Fattorelli, Luciano"]
[Result "1-0"]
[WhiteElo "2378"]
[BlackElo "2030"]
[PlyCount "71"]
[EventDate "2009.09.25"]

1. e4 c5 2. Nf3 d6 3. Bb5+ Nc6 4. Bxc6+ bxc6 5. e5 Bg4 6. h3 Bxf3 7. Qxf3 Qc7
8. exd6 exd6 9. O-O Be7 10. d3 Rb8 11. Nd2 Nf6 12. Nc4 Nd5 13. b3 O-O 14. Bb2
Bf6 15. Bxf6 Nxf6 16. Qg3 Rbd8 17. Rae1 Rfe8 18. Rxe8+ Nxe8 19. Re1 Kf8 20. Kf1
Rd7 21. Rxe8+ Kxe8 22. Qxg7 Re7 23. f4 Kd8 24. Qxh7 Qd7 25. Qh8+ Re8 26. Qf6+
Kc7 27. f5 Qe7 28. Qxe7+ Rxe7 29. Nd2 d5 30. Kf2 Kd6 31. Nf3 c4 32. g4 cxd3 33.
cxd3 c5 34. h4 d4 35. Nd2 Re3 36. Nc4+ 1-0

[Event "Weekend A"]
[Site "Omegna ITA"]
[Date "2009.09.26"]
[Round "3"]
[White "Quagliarella, Sabino Remo"]
[Black "Collobiano, Alberto"]
[Result "1/2-1/2"]
[WhiteElo "1917"]
[BlackElo "1993"]
[PlyCount "32"]
[EventDate "2009.09.25"]

1. d4 Nf6 2. Nf3 e6 3. Bf4 d5 4. e3 Bd6 5. Ne5 a6 6. a4 O-O 7. Be2 c5 8. O-O
cxd4 9. exd4 Nc6 10. c3 Qc7 11. Re1 Nxe5 12. dxe5 Bxe5 13. Bxe5 Qxe5 14. Bxa6
Qf4 15. g3 Qc7 16. Bd3 Bd7 1/2-1/2

[Event "Weekend A"]
[Site "Omegna ITA"]
[Date "2009.09.26"]
[Round "3"]
[White "Rovatti, Paolo"]
[Black "Buzio, Alberto"]
[Result "1/2-1/2"]
[WhiteElo "1903"]
[BlackElo "1913"]
[PlyCount "20"]
[EventDate "2009.09.25"]

1. Nf3 Nf6 2. c4 c5 3. g3 g6 4. Bg2 Bg7 5. Nc3 Nc6 6. O-O O-O 7. d3 d6 8. Qc2
Qc7 9. Bd2 a6 10. Rac1 Bd7 1/2-1/2

[Event "Weekend A"]
[Site "Omegna ITA"]
[Date "2009.09.26"]
[Round "4"]
[White "Buzio, Alberto"]
[Black "Collobiano, Alberto"]
[Result "1/2-1/2"]
[WhiteElo "1913"]
[BlackElo "1993"]
[PlyCount "24"]
[EventDate "2009.09.25"]

1. Nf3 Nf6 2. g3 Nc6 3. Bg2 e5 4. d3 d5 5. O-O Be7 6. Bg5 O-O 7. Nbd2 b6 8.
Bxf6 Bxf6 9. e4 dxe4 10. dxe4 Bg4 11. h3 Bxf3 12. Nxf3 Qxd1 1/2-1/2

[Event "Weekend A"]
[Site "Omegna ITA"]
[Date "2009.09.26"]
[Round "4"]
[White "Fattorelli, Luciano"]
[Black "Quagliarella, Sabino Remo"]
[Result "1-0"]
[WhiteElo "2030"]
[BlackElo "1917"]
[PlyCount "51"]
[EventDate "2009.09.25"]

1. c4 e5 2. Nc3 Nf6 3. g3 d5 4. cxd5 Nxd5 5. Bg2 Be6 6. Nf3 Nc6 7. O-O Be7 8.
d4 exd4 9. Nxd4 Nxd4 10. Qxd4 Bf6 11. Qa4+ c6 12. Nxd5 Bxd5 13. Rd1 O-O 14. e4
Be6 15. Rxd8 Rfxd8 16. Be3 b5 17. Qc2 Rd7 18. Bf3 Rad8 19. Rc1 Bxa2 20. b3 Bxb3
21. Qxb3 Rd3 22. Qa2 b4 23. Qxa7 b3 24. Qb6 b2 25. Rb1 c5 26. Be2 1-0

[Event "Weekend A"]
[Site "Omegna ITA"]
[Date "2009.09.26"]
[Round "4"]
[White "Okhotnik, Vladimir"]
[Black "Rovatti, Paolo"]
[Result "1-0"]
[WhiteElo "2447"]
[BlackElo "1903"]
[PlyCount "77"]
[EventDate "2009.09.25"]

1. e4 c5 2. Nf3 d6 3. Bc4 Nf6 4. d3 e6 5. O-O Nbd7 6. Re1 Qc7 7. c3 Be7 8. Nbd2
a6 9. Bb3 b6 10. Nf1 Bb7 11. Ng3 O-O 12. Bf4 Rad8 13. Rc1 Qc8 14. d4 Qa8 15. d5
e5 16. Bg5 Rde8 17. Nf5 Qd8 18. Qd2 g6 19. Bh6 Nh5 20. Nxe7+ Qxe7 21. Bxf8 Rxf8
22. Qg5 f6 23. Qh6 Bc8 24. Re3 b5 25. Bd1 Nb6 26. Nd2 Nf4 27. b3 Qf7 28. c4 f5
29. Bf3 Kh8 30. exf5 Bxf5 31. Be4 Nc8 32. Bxf5 gxf5 33. Nf3 Rg8 34. Nh4 Nh5 35.
Rf3 f4 36. Rh3 Nf6 37. Nf5 Rg6 38. Qh4 Rg4 39. Nh6 1-0

[Event "Weekend A"]
[Site "Omegna ITA"]
[Date "2009.09.27"]
[Round "5"]
[White "Fattorelli, Luciano"]
[Black "Okhotnik, Vladimir"]
[Result "0-1"]
[WhiteElo "2030"]
[BlackElo "2447"]
[PlyCount "44"]
[EventDate "2009.09.25"]

1. c4 g6 2. Nc3 Bg7 3. d4 c5 4. Nf3 cxd4 5. Nxd4 Nc6 6. Nc2 Bxc3+ 7. bxc3 Qa5
8. Bd2 Nf6 9. f3 d6 10. e4 O-O 11. Be2 Be6 12. Nd4 Rac8 13. Kf2 Ne5 14. Nb3 Qc7
15. c5 dxc5 16. Be3 b6 17. Qc2 Rfd8 18. Rag1 Bc4 19. Nc1 Bxe2 20. Qxe2 c4 21.
Bd4 Nd3+ 22. Nxd3 cxd3 0-1

[Event "Weekend A"]
[Site "Omegna ITA"]
[Date "2009.09.27"]
[Round "5"]
[White "Naumkin, Igor"]
[Black "Buzio, Alberto"]
[Result "1-0"]
[WhiteElo "2450"]
[BlackElo "1913"]
[PlyCount "51"]
[EventDate "2009.09.25"]

1. d4 Nf6 2. c4 e6 3. Nf3 d5 4. Bg5 Be7 5. e3 c6 6. Nc3 h6 7. Bh4 O-O 8. Rc1
Nbd7 9. Bd3 dxc4 10. Bxc4 Nd5 11. Bxe7 Qxe7 12. Ne4 N7f6 13. Ng3 Qb4+ 14. Qd2
Qxd2+ 15. Kxd2 a5 16. Rhd1 Rd8 17. Ke1 Bd7 18. a3 Be8 19. e4 Nf4 20. e5 N6d5
21. Kf1 a4 22. Ne4 Nb6 23. Ba2 Nfd5 24. Nd6 Rd7 25. Ne1 Nc8 26. Nxe8 1-0

[Event "Weekend B"]
[Site "Omegna ITA"]
[Date "2009.09.25"]
[Round "1"]
[White "Mangili, Davide"]
[Black "Cazzola, Franco"]
[Result "1-0"]
[WhiteElo "1861"]
[BlackElo "1562"]
[PlyCount "39"]
[EventDate "2009.09.25"]

1. e4 d5 2. exd5 Nf6 3. Nf3 Nxd5 4. d4 Bf5 5. c3 e6 6. Na3 a6 7. Be2 Bd6 8. O-O
Nc6 9. Nc4 O-O 10. Nxd6 cxd6 11. Bg5 f6 12. Bh4 Qb6 13. Qd2 Rad8 14. Bc4 Nc7
15. b4 d5 16. Be2 a5 17. a3 Rc8 18. Bg3 Bg4 19. Bd6 Bxf3 20. Bc5 1-0

[Event "Weekend B"]
[Site "Omegna ITA"]
[Date "2009.09.26"]
[Round "2"]
[White "Crolla, Roberto"]
[Black "Cavagna, Marco"]
[Result "1/2-1/2"]
[WhiteElo "1466"]
[BlackElo "1442"]
[PlyCount "51"]
[EventDate "2009.09.25"]

1. d4 d5 2. c4 Nf6 3. Nf3 Bf5 4. Nc3 e6 5. e3 Bb4 6. Qb3 a5 7. a3 Bxc3+ 8. Qxc3
O-O 9. Be2 Nbd7 10. O-O b6 11. b3 c5 12. Bb2 Ne4 13. Qc1 Re8 14. Rd1 Rc8 15.
cxd5 cxd4 16. Qb1 Nxf2 17. Qa2 Nxd1 18. Rxd1 dxe3 19. dxe6 Bxe6 20. Nd4 Qe7 21.
Qa1 Nc5 22. Nxe6 Nxe6 23. Re1 Qg5 24. Bc1 Nf4 25. Bf3 Rc2 26. Rxe3 1/2-1/2

[Event "Weekend B"]
[Site "Omegna ITA"]
[Date "2009.09.26"]
[Round "3"]
[White "Mangili, Davide"]
[Black "Crolla, Roberto"]
[Result "1-0"]
[WhiteElo "1861"]
[BlackElo "1466"]
[PlyCount "79"]
[EventDate "2009.09.25"]

1. e4 d6 2. d4 Nf6 3. Nc3 g6 4. Bg5 Bg7 5. Nf3 O-O 6. Bd3 Bg4 7. h3 Bxf3 8.
Qxf3 Nbd7 9. O-O-O e5 10. Nd5 h6 11. Nxf6+ Nxf6 12. Be3 Qc8 13. g4 Nh7 14. d5
Qd8 15. h4 Qf6 16. Qg3 a6 17. g5 hxg5 18. hxg5 Qe7 19. Qh4 Nxg5 20. Bxg5 f6 21.
Bh6 Bxh6+ 22. Qxh6 Qg7 23. Qxg7+ Kxg7 24. Rh2 Rh8 25. Rdh1 Rxh2 26. Rxh2 Rh8
27. Rxh8 Kxh8 28. Kd2 Kg7 29. Ke3 Kh6 30. Kf3 g5 31. Kg4 Kg6 32. b4 Kf7 33. Kf5
Ke7 34. a4 Kf7 35. a5 Ke7 36. Kg6 g4 37. Be2 c6 38. dxc6 bxc6 39. Bxa6 d5 40.
Bd3 1-0

[Event "Weekend B"]
[Site "Omegna ITA"]
[Date "2009.09.26"]
[Round "4"]
[White "Carbone, Lorenzo"]
[Black "Mangili, Davide"]
[Result "1/2-1/2"]
[WhiteElo "1812"]
[BlackElo "1861"]
[PlyCount "46"]
[EventDate "2009.09.25"]

1. e4 d6 2. d4 Nf6 3. Bd3 g6 4. c3 Bg7 5. Nf3 Bg4 6. h3 Bxf3 7. Qxf3 Nc6 8. Na3
e5 9. d5 Ne7 10. Bg5 Nd7 11. Nc2 h6 12. Be3 O-O 13. g4 Nc5 14. Bxc5 dxc5 15.
Ne3 a6 16. a4 Nc8 17. O-O Nd6 18. Qg3 Qd7 19. f4 exf4 20. Qxf4 Qe7 21. Nc4 Rad8
22. Rae1 Nxc4 23. Bxc4 Qe5 1/2-1/2

[Event "C.ti d'Italia"]
[Site "Arvier ITA"]
[Date "2009.09.26"]
[Round "1"]
[White "Barletta, Antonio"]
[Black "Castaldo, Antonio"]
[Result "1-0"]
[WhiteElo "2039"]
[BlackElo "1730"]
[PlyCount "37"]
[EventDate "2009.09.26"]

1. e4 d6 2. f4 Nf6 3. Nc3 g6 4. Nf3 Bg7 5. d4 O-O 6. Bd3 c6 7. O-O b5 8. Qe1
Nbd7 9. Qh4 Bb7 10. e5 Ne8 11. e6 Bf6 12. Qh3 fxe6 13. Qxe6+ Rf7 14. Ng5 Bxg5
15. fxg5 Nef6 16. gxf6 exf6 17. Ne4 d5 18. Nd6 Qe7 19. Qxf7+ 1-0

[Event "C.ti d'Italia"]
[Site "Arvier ITA"]
[Date "2009.09.26"]
[Round "1"]
[White "Cattaneo, Roger"]
[Black "Roversi, Stefano"]
[Result "1/2-1/2"]
[WhiteElo "1506"]
[BlackElo "1824"]
[PlyCount "91"]
[EventDate "2009.09.26"]

1. d4 Nf6 2. Bf4 c5 3. c3 cxd4 4. cxd4 Nc6 5. e3 Qa5+ 6. Nc3 Nd5 7. Nge2 e6 8.
a3 Nxf4 9. Nxf4 Be7 10. Nd3 O-O 11. Be2 f5 12. b4 Qd8 13. O-O f4 14. Nxf4 Bd6
15. g3 b6 16. b5 Na5 17. Bf3 Rb8 18. Be4 Bxf4 19. exf4 Bb7 20. Bxb7 Rxb7 21.
Ne4 Qe7 22. Qd3 Rc7 23. Rfc1 Rfc8 24. Rxc7 Rxc7 25. Nd2 Qd6 26. Nf3 Qd5 27. Ng5
g6 28. Ne4 Qf5 29. Qe3 Nc4 30. Qe2 Qxb5 31. Rc1 Nxa3 32. Qd1 Rxc1 33. Qxc1 Qb1
34. Qxb1 Nxb1 35. Kf1 Kf7 36. Nd6+ Kf6 37. Nc8 Nd2+ 38. Ke2 Nb3 39. Ke3 Kf5 40.
f3 Na5 41. Nxa7 Nc4+ 42. Ke2 d5 43. Nb5 g5 44. fxg5 Kxg5 45. h3 Kf5 46. Kd3
1/2-1/2

[Event "C.ti d'Italia"]
[Site "Arvier ITA"]
[Date "2009.09.26"]
[Round "1"]
[White "Giacomelli, Gianni"]
[Black "Fragni, Enrico"]
[Result "1-0"]
[WhiteElo "2093"]
[BlackElo "1767"]
[PlyCount "59"]
[EventDate "2009.09.26"]

1. d4 c6 2. Nf3 d6 3. c4 Bg4 4. Nc3 Nd7 5. e3 e5 6. Be2 Ngf6 7. h3 Bxf3 8. Bxf3
Be7 9. O-O Qc7 10. Qd3 a5 11. b3 O-O 12. Bb2 Rfd8 13. Rfd1 Nf8 14. Rac1 Rac8
15. Qf5 Ng6 16. g3 Qb8 17. a4 Bf8 18. Ne4 Nxe4 19. Bxe4 Qc7 20. h4 Be7 21. h5
Nf8 22. dxe5 dxe5 23. Bxe5 Qb6 24. Bc2 Qc5 25. Bd4 Qxf5 26. Bxf5 Ne6 27. Bb6
Rxd1+ 28. Rxd1 g6 29. Bxe6 fxe6 30. Rd7 1-0

[Event "C.ti d'Italia"]
[Site "Arvier ITA"]
[Date "2009.09.26"]
[Round "1"]
[White "Reginato, Lino"]
[Black "Lisandri, Luigi"]
[Result "1-0"]
[WhiteElo "1817"]
[BlackElo "1480"]
[PlyCount "41"]
[EventDate "2009.09.26"]

1. d4 Nf6 2. Nf3 d6 3. Bf4 Bf5 4. e3 Nbd7 5. c4 Ne4 6. Nh4 e6 7. Nxf5 exf5 8.
Bd3 Ndf6 9. f3 Be7 10. fxe4 fxe4 11. Bc2 O-O 12. O-O h6 13. Nc3 c6 14. Nxe4 Re8
15. Nxf6+ Bxf6 16. Qd3 Kf8 17. Qh7 Ke7 18. Qf5 Kf8 19. Rae1 d5 20. c5 Be7 21.
Bxh6 1-0

[Event "C.ti d'Italia"]
[Site "Arvier ITA"]
[Date "2009.09.26"]
[Round "1"]
[White "Reginato, Sabrina"]
[Black "Amalfitano, Giovanni"]
[Result "1-0"]
[WhiteElo "1880"]
[BlackElo "1620"]
[PlyCount "64"]
[EventDate "2009.09.26"]

1. d4 Nf6 2. Nf3 g6 3. Nbd2 Bg7 4. e4 d6 5. Bd3 Nbd7 6. O-O e5 7. c3 O-O 8. Qc2
Nh5 9. Nc4 b5 10. Ne3 a6 11. a4 Nf4 12. axb5 Nxd3 13. Qxd3 a5 14. Nc4 a4 15. b3
Bb7 16. bxa4 f5 17. Ncd2 f4 18. a5 Ra7 19. Bb2 Ba8 20. Rfd1 Qe8 21. Qc4+ Kh8
22. Ng5 Rf6 23. d5 Qe7 24. Ne6 Nc5 25. Nxc5 dxc5 26. Nb3 Bf8 27. Ba3 Qd7 28.
Bxc5 Bxc5 29. Nxc5 Qg4 30. f3 Qh5 31. Ne6 g5 32. Qc5 Rh6 1-0

[Event "C.ti d'Italia"]
[Site "Arvier ITA"]
[Date "2009.09.26"]
[Round "1"]
[White "Renzini, Lorenzo"]
[Black "Rorato, Renzo"]
[Result "0-1"]
[WhiteElo "1767"]
[BlackElo "2067"]
[PlyCount "58"]
[EventDate "2009.09.26"]

1. c4 Nf6 2. Nf3 g6 3. g3 Bg7 4. Bg2 O-O 5. O-O c6 6. Nc3 d5 7. cxd5 cxd5 8. d4
Nc6 9. e3 Be6 10. b3 h6 11. Ba3 Ne4 12. Rc1 Qa5 13. Na4 Rac8 14. Bb2 b5 15. Nc3
Nxc3 16. Bxc3 b4 17. Bd2 a6 18. a4 Qb6 19. Rc5 Na5 20. Rc1 Rxc1 21. Bxc1 Rc8
22. Nd2 Qd6 23. Qe2 Bf5 24. Re1 Rc2 25. e4 dxe4 26. Bxe4 Bxe4 27. Qxe4 Qc6 28.
Qxc6 Nxc6 29. d5 Ne5 0-1